Municípios da Região Metropolitana de João Pessoa (PB) no mapa - Statistics

Estatísticas Gerais
  • Esse quiz foi jogado 124 vezes
  • A pontuação média é 7 de 12
Respostas no mapa
Respostas codificadas por cores de uma escala verde-vermelha no mapa do quiz de acordo com a % correta abaixo.
 
Estatísticas das Respostas
Município % Correto
João Pessoa
96%
Bayeux
91%
Cabedelo
89%
Santa Rita
82%
Conde
70%
Lucena
54%
Rio Tinto
46%
Alhandra
40%
Pitimbu
39%
Cruz do Espírito Santo
38%
Pedras de Fogo
36%
Caaporã
31%
Nenhum quiz correspondente encontrado
Distribuição das Pontuações
Porcentagem de Pessoas com Cada Pontuação
Percentil de Números Respondidos
Sua Pontuação Histórica
Você não jogou esse quiz